书目信息 |
| 题名: |
阈值逻辑及其应用
|
|
| 作者: | 李敏泉 著 | |
| 分册: | ||
| 出版信息: | 北京 国防工业出版社 1980 |
|
| 页数: | 229页 | |
| 开本: | 20cm | |
| 丛书名: | ||
| 单 册: | ||
| 中图分类: | TN431.1 | |
| 科图分类: | ||
| 主题词: | 半导体集成电路 | |
| 电子资源: | ||
| ISBN: | ||
| 000 | 00559nam0 2200205 450 | |
| 001 | 0658121577 | |
| 005 | 20060704161304.51 | |
| 010 | @dCNY0.78 | |
| 100 | @a20060704d1980 km y0chiy0120 ea | |
| 101 | 0 | @achi |
| 102 | @aCN@b110000 | |
| 102 | @aCN@b110000 | |
| 200 | 1 | @a阈值逻辑及其应用@Ayu zhi luo ji ji qi ying yong@f李敏泉著@Fli min quan zhu |
| 210 | @a北京@c国防工业出版社@d1980 | |
| 215 | @a229页@d20cm | |
| 606 | 0 | @a半导体集成电路 |
| 690 | @aTN431.1@v3 | |
| 701 | 0 | @a李敏泉@Ali min quan@4著 |
| 801 | 0 | @aCN@bPFT@c20060704 |
| 905 | @a10447@dTN431.1@e94 | |
| 阈值逻辑及其应用/李敏泉著.-北京:国防工业出版社,1980 |
| 229页;20cm |
| ISBN :CNY0.78 |
| ● |
| 相关链接 |
|
|
|
|
正题名:阈值逻辑及其应用
索取号:TN431.1/94
 
预约/预借
| 序号 | 登录号 | 条形码 | 馆藏地/架位号 | 状态 | 备注 |
| 1 | 0421699 | 204216990 | 密集书库/ [索取号:TN431.1/94] | 在馆 |